| 000 | 00715cam a2200217 i 4500 | ||
|---|---|---|---|
| 999 |
_c12957 _d12957 |
||
| 003 | OSt | ||
| 005 | 20240802130111.0 | ||
| 008 | 190206s2019 nyu b 001 0 eng | ||
| 020 |
_a9780307338341 _q(paperback) |
||
| 042 | _apcc | ||
| 082 | 0 | 0 |
_a204/.4 _223 |
| 100 | 1 |
_aChopra, Deepak, _eauthor. |
|
| 245 | 1 | 0 |
_aMetahuman : _bunleashing your infinite potential / _cDeepak Chopra, M.D. |
| 300 |
_a354 pages ; _c25 cm |
||
| 504 | _aIncludes bibliographical references and index. | ||
| 650 | 0 | _aMind and body. | |
| 650 | 0 | _aSpiritual life. | |
| 650 | 0 | _aSelf-realization. | |
| 776 | 0 | 8 |
_iOnline version: _aChopra, Deepak, author. _tMetahuman _dNew York : Harmony, [2019] _z9781524762988 _w(DLC) 2019006154 |
| 942 | _2ddc | ||